| 000 | 00463nam a22001697a 4500 | ||
|---|---|---|---|
| 003 | NUST - PNEC | ||
| 005 | 20170116181104.0 | ||
| 008 | 151003b xxu||||| |||| 00| 0 eng d | ||
| 020 | _a0195779770 | ||
| 040 | _cLIBRARY | ||
| 082 | _a891.43930108 ASH | ||
| 100 |
_912595 _aAshraf, Moīn |
||
| 245 |
_aCome brother, lie down! : _bmulticultural short stories _cMoīn Ashraf |
||
| 260 | _c1999 | ||
| 650 |
_912152 _aManners and customs _xGeneral |
||
| 942 |
_2ddc _cBK |
||
| 999 |
_c68903 _d68903 |
||